Bài tập vật lí 6

Sách là tài liệu tham khảo giúp giáo viên, học sinh trung học cơ sở có thêm tư liệu để dạy và học tốt hơn bộ môn Vật lý.

保存先:
書誌詳細
第一著者: Bùi, Gia Thịnh
フォーマット: 図書
言語:Undetermined
出版事項: Hà Nội Giáo Dục 2006
主題:
タグ: タグ追加
タグなし, このレコードへの初めてのタグを付けませんか!
Thư viện lưu trữ: Trung tâm Học liệu Trường Đại học Cần Thơ
LEADER 00825nam a2200217Ia 4500
001 CTU_116248
008 210402s9999 xx 000 0 und d
020 |c 1700 
082 |a 530.076 
082 |b Th312/L.6 
100 |a Bùi, Gia Thịnh 
245 0 |a Bài tập vật lí 6 
245 0 |c Bùi Gia Thịnh, Nguyễn Phương Hồng, Vũ Quang 
260 |a Hà Nội 
260 |b Giáo Dục 
260 |c 2006 
520 |a Sách là tài liệu tham khảo giúp giáo viên, học sinh trung học cơ sở có thêm tư liệu để dạy và học tốt hơn bộ môn Vật lý. 
650 |a Physics 
650 |x Study and teaching 
904 |i Tuyến sửa số pl 530.0712 thành 530.076 
980 |a Trung tâm Học liệu Trường Đại học Cần Thơ